Normal view
MARC view
- Mamet, David
Entry Personal Name
001 - CONTROL NUMBER
- control field: 153768
003 - CONTROL NUMBER IDENTIFIER
- control field: DLC
005 - DATE AND TIME OF LATEST TRANSACTION
- control field: 20260417140707.0
008 - FIXED-LENGTH DATA ELEMENTS
- fixed length control field: 771104n| azannaabn |b aaa
010 ## - LIBRARY OF CONGRESS CONTROL NUMBER
- LC control number: n 77012756
035 ## - SYSTEM CONTROL NUMBER
- System control number: (OCoLC)oca00129264
040 ## - CATALOGING SOURCE
- Original cataloging agency: DLC
- Language of cataloging: eng
- Description conventions: rda
- Transcribing agency: DLC
- Modifying agency: DLC
- Modifying agency: MoWgW
- Modifying agency: OCoLC
- Modifying agency: InU
- Modifying agency: GVaS
- Modifying agency: ICrlF
046 ## - SPECIAL CODED DATES
- Birth date: 1947-11-30
- Source of date scheme: edtf
053 #0 - LC CLASSIFICATION NUMBER
- Classification number element--single number or beginning number of span: PS3563.A4345
100 1# - HEADING--PERSONAL NAME
- Personal name: Mamet, David
370 ## - ASSOCIATED PLACE
- Place of birth: Chicago (Ill.)
- Associated country: United States
- Source of term: naf
372 ## - FIELD OF ACTIVITY
- Field of activity: Drama
- Field of activity: Playwriting
- Field of activity: Theater
- Field of activity: Acting
- Source of term: lcsh
374 ## - OCCUPATION
- Occupation: Dramatists
- Occupation: Actors
- Occupation: Theatrical producers and directors
- Source of term: lcsh
377 ## - ASSOCIATED LANGUAGE
- Language code: eng
400 1# - SEE FROM TRACING--PERSONAL NAME
- Personal name: Weisz, Richard
400 1# - SEE FROM TRACING--PERSONAL NAME
- Personal name: מאמט, דיוויד. ששקו, לאה. מק׳קרדי, מייקל
670 ## - SOURCE DATA FOUND
- Source citation: His American buffalo, 1977:
- Information found: t.p. (David Mamet)
670 ## - SOURCE DATA FOUND
- Source citation: His The cryptogram, 1995:
- Information found: CIP t.p. (David Mamet) data sheet (b. 1947)
670 ## - SOURCE DATA FOUND
- Source citation: Ronin [VR], 1999?:
- Information found: credits (screenplay, Richard Weisz)
670 ## - SOURCE DATA FOUND
- Source citation: Internet movie database, April 23, 1999
- Information found: (David Mamet; b. 30 Nov., 1947, Chicago; writer, director, producer, actor; sometimes credited as Richard Weisz)
670 ## - SOURCE DATA FOUND
- Source citation: Mamet, David. Recessional, 2022:
- Information found: title page (David Mamet) jacket flap (David Mamet is American foremost playwright. He has won a Pulitzer prize and received Tony nominations for his plays, Glengarry Glen Ross and Speed-the-Plow. His screenwriting credits include The Verdict and The Untouchables)



